Statistiques concernant Pays vainqueur de Wimbledon

Cliquez ici pour prendre le quiz!

Statistiques générales

  • Ce quiz a été pris 112 fois
  • Le résultat moyen est 10 sur 14

Statistiques - réponses

Nombre de titresPays% Correct
18Etats-Unis
100%
35Royaume-Uni
100%
3Espagne
99%
7France
96%
8Suisse
95%
7Serbie
94%
15Australie
88%
4Allemagne
82%
7Suède
81%
1Croatie
51%
1Pays-Bas
51%
1Tchécoslovaquie
33%
4Nouvelle-Zélande
26%
1Egypte
21%

Distribution des résultats

Percentile par nombre de réponses

% des personnes avec chaque résultat

Votre développement - résultats

Vous n’avez pas pris ce quiz